01627nam a22003854a 4500001001200000003000800012006001900020007001500039008004100054010001700095020003600112020003300148040002100181035002100202043002100223050002300244082001700267100002000284245011900304260004800423300003100471490004000502504006400542533015200606651004400758651004100802651005800843651005500901651005500956655002901011710001701040830004101057856012601098999001701224ebr10271575CaPaEBRm u cr cn|||||||||050203s2005 nyuab sb 001 0 eng  z 2005040636 z9780195139440 (acid-free paper) z0195139445 (acid-free paper) aCaPaEBRcCaPaEBR a(OCoLC)252664593 an-us-txan-us---14aF390b.S558 2005eb04a976.4/042221 aSilbey, Joel H.10aStorm over Texash[electronic resource] :bthe annexation controversy and the road to Civil War /cJoel H. Silbey. aNew York :bOxford University Press,c2005. axx, 230 p. :bill., 1 map.1 aPivotal moments in American history aIncludes bibliographical references (p. 209-213) and index. aElectronic reproduction.bPalo Alto, Calif. :cebrary,d2013.nAvailable via World Wide Web.nAccess may be limited to ebrary affiliated libraries. 0aTexasxAnnexation to the United States. 0aTexasxHistoryyRepublic, 1836-1846. 0aUnited StatesxHistoryyCivil War, 1861-1865xCauses. 0aUnited StatesxPolitics and governmenty1841-1845. 0aUnited StatesxPolitics and governmenty1845-1861. 7aElectronic books.2local2 aebrary, Inc. 0aPivotal moments in American history.40uhttp://site.ebrary.com/lib/rucke/Doc?id=10271575zAn electronic book accessible through the World Wide Web; click to view c22270d22270